[Event "NCA-ch final"]
[Site "Managua"]
[Date "2021.03.14"]
[Round "5"]
[White "Simplina, Amor"]
[Black "Espinoza Solano, Jose Nahum"]
[Result "0-1"]
[WhiteElo "2151"]
[BlackElo "2054"]
[PlyCount "92"]
[EventDate "2021.03.06"]
[EventType "tourn"]
[EventRounds "11"]
[EventCountry "NCA"]
[SourceTitle "EXT 2022"]
[Source "ChessBase"]
[SourceDate "2021.10.06"]
[SourceVersion "1"]
[SourceVersionDate "2021.10.06"]
[SourceQuality "1"]

1. d4 Nf6 2. c4 g6 3. Nc3 Bg7 4. e4 d6 5. Bd3 0-0 6. Nge2 e5 7. 0-0 Nbd7 8. d5 Nh5 9. Be3 Nc5 10. f3 Nxd3 11. Qxd3 f5 12. c5 f4 13. Bf2 g5 14. Rac1 g4 15. cxd6 cxd6 16. Nb5 Rf7 17. Rxc8 Rxc8 18. fxg4 Nf6 19. Nxa7 Ra8 20. h3 Bf8 21. Nc3 Rg7 22. Nab5 h5 23. gxh5 Nxh5 24. Qf3 Qg5 25. Bb6 Rc8 26. b3 Nf6 27. a4 Nd7 28. Bf2 Nc5 29. Bxc5 Rxc5 30. Qe2 Kh8 31. Rf3 Be7 32. Na3 Rc8 33. Nc4 Rcg8 34. g4 fxg3 35. Rf5 Qc1+ 36. Nd1 Rh7 37. Kg2 Qh6 38. Kg1 Qxh3 39. Qg2 Qxg2+ 40. Kxg2 Rh2+ 41. Kg1 Bg5 42. Nxd6 Bf4 43. Nf7+ Kh7 44. Nxe5 g2 45. Nf3 Rh1+ 46. Kf2 Rf1+ 0-1